000
00298nam a2200109Ia 4500
008
230907s9999||||xx |||||||||||||| ||und||
082
_a
531.163
_b
MAT
100
_a
Matuttis, Hans-Georg,
_9
116138
245
0
_a
Understanding the discrete element method :
300
_a
xxii, 456 pages :
942
_c
BK
999
_c
601169
_d
601169